000 00408nam a2200157 i 4500
001 93430
003 ES-MaACL
005 20230906181222.0
007 t|
008 050526s1918 fr ||||1| fre d
100 1 _aGyp (
_d1849-1932)
_961332
245 1 2 _aL'Age du mufle /
_cpar Gyp.
260 _aParis :
_b[s.n.,
_c1918 ?] (
_fImp. Paul Dupont)
300 _a300 p. ;
_c19 cm.
852 _aES-MaACL
_jG-13497
999 _c93430
_d93430